[Event "305th YMCA Summer B"]
[Site "Warsaw"]
[Date "2025.08.06"]
[Round "9"]
[White "Sypula, Krzysztof"]
[Black "Koniarski, Maciej"]
[Result "0-1"]
[WhiteElo "1697"]
[BlackElo "1990"]
[PlyCount "84"]
[EventDate "2025.07.01"]
[EventType "tourn"]
[EventRounds "1"]
[EventCountry "POL"]
[SourceDate "2025.07.01"]

1. d4 d5 2. c4 c6 3. Nf3 Nf6 4. Qb3 dxc4 5. Qxc4 Be6 6. Qc2 Bg4 7. Nbd2 e6 8.
e3 Bd6 9. Bd3 Nbd7 10. h3 Bxf3 11. Nxf3 c5 12. O-O O-O 13. Rd1 Qb6 14. b3 cxd4
15. exd4 Rac8 16. Qe2 Nd5 17. Re1 N7f6 18. Bc4 Bb4 19. Bd2 Nc3 20. Qd3 Ncd5 21.
Red1 Rfd8 22. a3 Bxd2 23. Qxd2 a6 24. Rac1 Qd6 25. b4 b5 26. Bxd5 Nxd5 27. Rxc8
Rxc8 28. Rc1 Rd8 29. Rc5 Nb6 30. Qc2 Nc4 31. a4 f6 32. axb5 axb5 33. Qe4 Qd7
34. g4 $11 Nd6 35. Qc2 Nc4 36. Qe4 Nd6 37. Qc2 Qb7 38. Qe2 Ne4 39. Rxb5 Qa6 40.
Qf1 Nc3 41. Rc5 Ne2+ 42. Kh1 Ng3+ 0-1

[Event "305th YMCA Summer B"]
[Site "Warsaw"]
[Date "2025.08.07"]
[Round "9"]
[White "Moszczynski-Petkowski, Rafal"]
[Black "Przybylik, Mariusz"]
[Result "0-1"]
[WhiteElo "1493"]
[BlackElo "1530"]
[PlyCount "89"]
[EventDate "2025.07.01"]
[EventType "tourn"]
[EventRounds "1"]
[EventCountry "POL"]
[SourceDate "2025.07.01"]

1. Nf3 d5 2. e3 Nf6 3. d4 e6 4. c4 c5 5. b3 Nc6 6. Bb2 cxd4 7. Nxd4 Bb4+ 8. Nc3
Ne4 9. Qc2 Nxd4 10. exd4 Qa5 11. a3 Bxc3+ 12. Bxc3 Qxc3+ 13. Qxc3 Nxc3 14. Rc1
Ne4 15. f3 Nf6 16. c5 O-O 17. Bd3 Bd7 18. Kd2 Rac8 19. h4 h5 20. Ke3 b6 21. b4
bxc5 22. bxc5 Bc6 23. Rb1 Rb8 24. Rb4 Rxb4 25. axb4 Rb8 26. Rb1 Bb5 27. Bxb5
Rxb5 28. c6 Ne8 29. Kd3 a5 30. Ra1 Rxb4 31. Rxa5 Rb3+ 32. Kc2 Rb8 33. Ra7 Rc8
34. Ra6 Kf8 35. g4 Ke7 36. Kd2 Kd6 37. Ke3 Rxc6 38. Ra8 Ke7 39. Kf4 hxg4 40.
fxg4 Rc1 41. g5 Rf1+ 42. Kg4 f5+ 43. Kg3 Rg1+ 44. Kf4 Rg4+ 45. Ke5 0-1

[Event "305th YMCA Summer B"]
[Site "Warsaw"]
[Date "2025.08.07"]
[Round "9"]
[White "Kozera, Konrad"]
[Black "Rybicki, Jan"]
[Result "0-1"]
[WhiteElo "1538"]
[BlackElo "1589"]
[PlyCount "124"]
[EventDate "2025.07.01"]
[EventType "tourn"]
[EventRounds "1"]
[EventCountry "POL"]
[SourceDate "2025.07.01"]

1. e4 e6 2. d4 d5 3. Bd3 c5 4. exd5 exd5 5. dxc5 Bxc5 6. Nc3 Nf6 7. Bg5 O-O 8.
Nge2 Bxf2+ 9. Kf1 h6 10. Bxf6 Qxf6 11. Nxd5 Qh4 12. g3 Bxg3 13. Nxg3 Bh3+ 14.
Ke1 Bg2 15. Qh5 Qxh5 16. Nxh5 Bxh1 17. Nc7 Nc6 18. Nxa8 Rxa8 19. Kf2 Bd5 20.
Rg1 Be6 21. Nxg7 Kf8 22. Nxe6+ fxe6 23. Bc4 Kf7 24. Re1 Re8 25. c3 Kf6 26. Bb5
Rc8 27. Rd1 Ne5 28. h3 Kf5 29. Rd6 Rc7 30. Be2 Rg7 31. c4 Rc7 32. b3 a6 33. a3
Kf6 34. Rd8 Nc6 35. Rh8 Kg7 36. Re8 Kf6 37. b4 Nd4 38. Bd1 Rxc4 39. Rd8 Nc6 40.
Rd7 Rd4 41. Rxd4 Nxd4 42. Ke3 Nb5 43. a4 Nc3 44. Bc2 Nd5+ 45. Kd4 Nxb4 46. Be4
Nc6+ 47. Kc5 Ke5 48. Bg2 Nd8 49. a5 Nc6 50. Kb6 Kf4 51. Kxb7 Nxa5+ 52. Kxa6 Nc4
53. Kb5 Ne3 54. Bc6 e5 55. Kc5 Nd1 56. Bd7 Ke3 57. Kd5 e4 58. Bf5 Nf2 59. h4
Kf3 60. Bg6 e3 61. Kd4 e2 62. Bh5+ Ng4 0-1

[Event "305th YMCA Summer B"]
[Site "Warsaw"]
[Date "2025.08.12"]
[Round "10"]
[White "Jaroszuk, Marcin"]
[Black "Koniarski, Maciej"]
[Result "1-0"]
[WhiteElo "1725"]
[BlackElo "1990"]
[PlyCount "71"]
[EventDate "2025.07.01"]
[EventType "tourn"]
[EventRounds "1"]
[EventCountry "POL"]
[SourceDate "2025.07.01"]

1. Nf3 d5 2. g3 Bf5 3. Bg2 c6 4. O-O Nd7 5. d4 Qb6 6. c4 e6 7. Nc3 dxc4 8. e4
Bg6 9. d5 e5 10. Qe2 Ngf6 11. Qxc4 c5 12. Nd2 a6 13. f4 Qa7 14. a4 Bh5 15. Nf3
Bxf3 16. Bxf3 Bd6 17. a5 Qb8 18. Re1 Qc7 19. Qe2 O-O-O 20. f5 g6 21. fxg6 hxg6
22. Bd2 Rh7 23. Rec1 Rdh8 24. Na4 Nxe4 25. Bxe4 f5 26. b4 Rxh2 27. Qxh2 Rxh2
28. Kxh2 fxe4 29. bxc5 Bf8 30. c6 Nc5 31. Nxc5 Qh7+ 32. Kg2 Bxc5 33. Rxc5 Qh5
34. cxb7+ Kd7 35. Rf1 e3 36. Bxe3 1-0

[Event "305th YMCA Summer B"]
[Site "Warsaw"]
[Date "2025.08.06"]
[Round "10"]
[White "Kozera, Konrad"]
[Black "Przybylik, Mariusz"]
[Result "1-0"]
[WhiteElo "1538"]
[BlackElo "1530"]
[PlyCount "61"]
[EventDate "2025.07.01"]
[EventType "tourn"]
[EventRounds "1"]
[EventCountry "POL"]
[SourceDate "2025.07.01"]

1. e4 c5 2. Nc3 Nc6 3. f4 d6 4. Nf3 Nf6 5. Bc4 e6 6. d3 Be7 7. O-O O-O 8. Qe1
d5 9. Bb5 d4 10. Ne2 Bd7 11. Bxc6 Bxc6 12. Ne5 Ba4 13. Rf3 Nd7 14. Rh3 Nxe5 15.
fxe5 Bxc2 16. Qg3 f5 17. Bh6 Rf7 18. Nf4 Qb6 19. Rf1 c4 20. exf5 Bf8 21. fxe6
Re7 22. Nd5 Qxe6 23. Nf6+ Kh8 24. Nxh7 gxh6 25. Nxf8 Rxf8 26. Rxf8+ Kh7 27. Rf6
Rg7 28. Rhxh6+ Kg8 29. Qh4 Rxg2+ 30. Kxg2 Qd5+ 31. Kf2 1-0

[Event "305th YMCA Summer B"]
[Site "Warsaw"]
[Date "2025.08.12"]
[Round "10"]
[White "Moszczynski-Petkowski, Rafal"]
[Black "Rybicki, Jan"]
[Result "0-1"]
[WhiteElo "1493"]
[BlackElo "1589"]
[PlyCount "50"]
[EventDate "2025.07.01"]
[EventType "tourn"]
[EventRounds "1"]
[EventCountry "POL"]
[SourceDate "2025.07.01"]

1. d4 Nf6 2. Bg5 Ne4 3. Bf4 e6 4. Nd2 Nxd2 5. Qxd2 c5 6. e3 Qb6 7. c3 d5 8. Nf3
Nd7 9. Be2 Nf6 10. O-O Ne4 11. Qc2 c4 12. Nd2 f5 13. Nxe4 fxe4 14. Be5 Bd6 15.
Bh5+ Ke7 16. Bxg7 Rg8 17. Bh6 e5 18. f3 exd4 19. exd4 Bxh2+ 20. Kxh2 Qxh6 21.
g4 Be6 22. Kg3 Qxh5 23. Rh1 Rxg4+ 24. fxg4 Qxg4+ 25. Kh2 Rg8 0-1